000 00754nam a2200253 i 4500
001 17202
003 ES-MaACL
005 20231216062903.0
007 t|
008 010122s2000 sp ||||0| spa j
020 _a84-239-6641-0
040 _aM-BN
_bspa
_cM-BN
080 _a821.134.2-94"19"
080 _a929 Carandell, Luis
100 1 _aCarandell, Luis,
_d1929-2002
_934959
245 1 3 _aEl día más feliz de mi vida
_b: memorias /
_cLuis Carandell.
260 _aMadrid :
_bEspasa-Calpe,
_c[2000]
300 _a338 p., [8] h. de lám. ;
_c22 cm.
490 1 _aEspasa hoy
600 1 4 _aCarandell, Luis,
_d1929-2002
_934959
830 0 _aEspasa hoy
_9179010
852 _aES-MaACL
_jL-24190
_bR.129548
999 _c17202
_d17202